[Event "Dziedzica Memrial 11th"]
[Site "Trzcianka"]
[Date "2021.10.24"]
[Round "4"]
[White "Raczynski, Krzysztof"]
[Black "Zgarda, Jakub"]
[Result "1-0"]
[WhiteElo "2194"]
[BlackElo "1812"]
[PlyCount "67"]
[EventDate "2021.10.24"]
[EventType "swiss (rapid)"]
[EventRounds "9"]
[EventCountry "POL"]
[SourceTitle "CBM 204 Extra"]
[Source "ChessBase"]
[SourceDate "2021.11.30"]
[SourceVersion "1"]
[SourceVersionDate "2021.11.30"]
[SourceQuality "1"]

1. c4 e6 2. Nf3 b6 3. g3 Bb7 4. Bg2 f5 5. 0-0 Nf6 6. d3 Be7 7. Nc3 0-0 8. b3 d6 9. Bb2 e5 10. e4 f4 11. Qc2 Nc6 12. gxf4 exf4 13. d4 Ng4 14. Nd5 Bh4 15. Rae1 a5 16. a3 Rc8 17. e5 dxe5 18. dxe5 Ne7 19. h3 Nxd5 20. cxd5 Nh6 21. e6 Ba6 22. Qe4 Be7 23. Ne5 Bxf1 24. Bxf1 f3 25. Bd3 g6 26. Nxf3 Qd6 27. Ne5 Rf5 28. Bc4 Rcf8 29. Re2 Rg5+ 30. Kf1 Bf6 31. Nf7 Nxf7 32. Bxf6 Nh6 33. Bb2 Nf7 34. Bf6 1-0

[Event "Poznan op 28th"]
[Site "Poznan"]
[Date "2021.08.21"]
[Round "8"]
[White "Kostecka, Marika"]
[Black "Zgarda, Jakub"]
[Result "1/2-1/2"]
[WhiteElo "1833"]
[BlackElo "1788"]
[PlyCount "42"]
[EventDate "2021.08.15"]
[EventType "swiss"]
[EventRounds "9"]
[EventCountry "POL"]
[SourceTitle "CBM 203 Extra"]
[Source "ChessBase"]
[SourceDate "2021.09.30"]
[SourceVersion "1"]
[SourceVersionDate "2021.09.30"]
[SourceQuality "1"]

1. e4 e5 2. Nf3 Nc6 3. Bb5 f5 4. d4 fxe4 5. Nxe5 Qf6 6. Bxc6 dxc6 7. Qe2 Bd6 8. Qxe4 Bf5 9. Qe2 Bxe5 10. Qxe5+ Qxe5+ 11. dxe5 Bxc2 12. 0-0 Ne7 13. Nc3 Nd5 14. Nxd5 cxd5 15. Be3 Kd7 16. Rac1 Bf5 17. h3 h5 18. Rfd1 Be6 19. b4 a5 20. b5 a4 21. f4 g6 1/2-1/2

[Event "Poznan op 28th"]
[Site "Poznan"]
[Date "2021.08.19"]
[Round "6"]
[White "Wesolowski, Edgar"]
[Black "Zgarda, Jakub"]
[Result "0-1"]
[WhiteElo "1975"]
[BlackElo "1788"]
[PlyCount "62"]
[EventDate "2021.08.15"]
[EventType "swiss"]
[EventRounds "9"]
[EventCountry "POL"]
[SourceTitle "CBM 203 Extra"]
[Source "ChessBase"]
[SourceDate "2021.09.30"]
[SourceVersion "1"]
[SourceVersionDate "2021.09.30"]
[SourceQuality "1"]

1. c4 b6 2. Nc3 e6 3. e4 Bb7 4. d4 Bb4 5. Bd3 f5 6. d5 fxe4 7. Bxe4 Qh4 8. Qe2 Nf6 9. Bf3 0-0 10. dxe6 Nc6 11. Be3 Nd4 12. Bxd4 Qxd4 13. Bxb7 Bxc3+ 14. Kf1 Rab8 15. bxc3 Qxc3 16. Rd1 Rxb7 17. exd7 Rbb8 18. Nf3 Rbd8 19. Ng5 Rxd7 20. Rxd7 Nxd7 21. Qe6+ Kh8 22. Nf7+ Rxf7 23. Qxf7 Qd3+ 24. Ke1 Qc3+ 25. Ke2 Qc2+ 26. Ke3 Qc3+ 27. Kf4 Qe5+ 28. Kf3 Qc3+ 29. Ke4 Nf6+ 30. Kf4 Qd4+ 31. Kf3 Qe4+ 0-1

[Event "Poznan op 28th"]
[Site "Poznan"]
[Date "2021.08.16"]
[Round "3"]
[White "Zgarda, Jakub"]
[Black "Poltorak, Sebastian"]
[Result "0-1"]
[WhiteElo "1788"]
[BlackElo "2205"]
[PlyCount "58"]
[EventDate "2021.08.15"]
[EventType "swiss"]
[EventRounds "9"]
[EventCountry "POL"]
[SourceTitle "CBM 203 Extra"]
[Source "ChessBase"]
[SourceDate "2021.09.30"]
[SourceVersion "1"]
[SourceVersionDate "2021.09.30"]
[SourceQuality "1"]

1. Nf3 Nf6 2. d4 g6 3. g3 Bg7 4. Bg2 0-0 5. 0-0 d5 6. Nbd2 c5 7. dxc5 Qc7 8. c4 Qxc5 9. cxd5 Qxd5 10. Nb3 Qh5 11. Ng5 h6 12. Bf3 Bg4 13. Bxb7 Bxe2 14. Qe1 hxg5 15. Bxa8 Ng4 16. h4 Bxf1 17. Qxf1 gxh4 18. gxh4 Qxh4 19. Qg2 Nd7 20. Bf3 Nge5 21. Be2 Bh6 22. Bxh6 Qxh6 23. Rd1 Kg7 24. Rd4 Nf6 25. f4 Ned7 26. Nd2 Rc8 27. Nc4 e5 28. fxe5 Nxe5 29. Qb7 Rxc4 0-1

[Event "Poznan op 22nd"]
[Site "Poznan"]
[Date "2014.08.13"]
[Round "6"]
[White "Zgarda, Jakub"]
[Black "Magnucka, Milena"]
[Result "1/2-1/2"]
[WhiteElo "1824"]
[BlackElo "1956"]
[PlyCount "61"]
[EventDate "2014.08.09"]
[EventType "swiss"]
[EventRounds "9"]
[EventCountry "POL"]
[SourceTitle "CBM 161 Extra"]
[Source "ChessBase"]
[SourceDate "2014.08.29"]
[SourceVersion "1"]
[SourceVersionDate "2014.08.29"]
[SourceQuality "1"]

1. Nf3 g6 2. e4 d6 3. d4 Nf6 4. Bd3 Bg7 5. Bg5 0-0 6. 0-0 Re8 7. Nbd2 e5 8. dxe5 dxe5 9. Kh1 c6 10. a4 Qc7 11. c3 Nbd7 12. b4 Nf8 13. Qb3 Ne6 14. Bc4 h6 15. Be3 Ng4 16. a5 Nxe3 17. fxe3 Re7 18. Rf2 Nf8 19. Raf1 Be6 20. Nh4 Rd8 21. h3 Bxc4 22. Qxc4 Ne6 23. Nb3 Kh7 24. Nc5 Nxc5 25. Qxc5 b6 26. axb6 axb6 27. Qc4 Rdd7 28. Qe2 Qd8 29. Qg4 Kg8 30. Qe2 Re6 31. Nf3 1/2-1/2

[Event "Poznan op 22nd"]
[Site "Poznan"]
[Date "2014.08.12"]
[Round "5"]
[White "Zgarda, Jakub"]
[Black "Golek, Jagoda"]
[Result "1/2-1/2"]
[WhiteElo "1824"]
[BlackElo "2070"]
[PlyCount "165"]
[EventDate "2014.08.09"]
[EventType "swiss"]
[EventRounds "9"]
[EventCountry "POL"]
[SourceTitle "CBM 161 Extra"]
[Source "ChessBase"]
[SourceDate "2014.08.29"]
[SourceVersion "1"]
[SourceVersionDate "2014.08.29"]
[SourceQuality "1"]

1. e4 c5 2. Nf3 e6 3. d4 cxd4 4. c3 dxc3 5. Nxc3 a6 6. Bf4 Nc6 7. Bd6 Bxd6 8. Qxd6 Qe7 9. e5 f6 10. Qxe7+ Kxe7 11. exf6+ Nxf6 12. a3 b5 13. Bd3 Bb7 14. 0-0 Rac8 15. Rfe1 Na5 16. Nd2 h6 17. f4 Nd5 18. Nxd5+ Bxd5 19. b4 Nc4 20. Be4 Nb6 21. Rad1 Rhf8 22. g3 Rc3 23. Nb1 Bxe4 24. Nxc3 Bc6 25. Ne4 Nc4 26. Nc5 Nxa3 27. Rc1 Nc4 28. Rc2 a5 29. bxa5 Nxa5 30. Ra2 Nc4 31. Ra7 Kd6 32. Nb3 Rb8 33. Rd1+ Bd5 34. Ra6+ Ke7 35. Kf2 Nb2 36. Rd2 Bxb3 37. Rxb2 Bc4 38. Ke3 Bd5 39. Rb4 Rc8 40. Kd2 Rc5 41. Ra5 Bc4 42. Ke3 Rd5 43. Ra3 Rd1 44. Rb2 Re1+ 45. Kd2 Re2+ 46. Kc3 Re1 47. Ra7 g5 48. fxg5 hxg5 49. Kb4 Rd1 50. Kc3 Rh1 51. Rb7 Rf1 52. Rd2 Rf3+ 53. Kc2 Bd5 54. Rxb5 Rf1 55. Rb6 Bc6 56. Kd3 e5 57. Ke3 Rf3+ 58. Ke2 Rf6 59. Ke1 Rf3 60. Rb8 Ra3 61. Rg8 e4 62. Rxg5 Kf6 63. h4 e3 64. Rd6+ Ke7 65. Rxc6 dxc6 66. Ke2 Ke6 67. h5 Kf6 68. Rg6+ Kf5 69. Rg7 Kf6 70. h6 Ra2+ 71. Kxe3 Rh2 72. Rc7 Kg5 73. Rxc6 Kg4 74. Rg6+ Kf5 75. Ra6 Kg4 76. Ke4 Re2+ 77. Kd5 Rh2 78. Ke5 Kg5 79. Re6 Rh3 80. Re8 Rxh6 81. Rg8+ Rg6 82. Rxg6+ Kxg6 83. Kf4 1/2-1/2

[Event "POL-chT3 Wielkopolskie 1314"]
[Site "Poland"]
[Date "2014.01.05"]
[Round "5.16"]
[White "Zgarda, Jakub"]
[Black "Ancuta, Adam"]
[Result "0-1"]
[WhiteElo "1850"]
[BlackElo "1961"]
[PlyCount "82"]
[EventDate "2013.10.27"]
[EventType "team-tourn"]
[EventRounds "11"]
[EventCountry "POL"]
[SourceTitle "EXT 2015"]
[Source "ChessBase"]
[SourceDate "2014.11.20"]
[SourceVersion "1"]
[SourceVersionDate "2014.11.20"]
[SourceQuality "1"]
[WhiteTeam "Kornik MUKS Wieza Kornicka"]
[BlackTeam "Trzcianka MKS przy MDK"]
[WhiteTeamCountry "POL"]
[BlackTeamCountry "POL"]

1. Nf3 Nf6 2. e3 e6 3. c4 d5 4. d4 a6 5. Nc3 dxc4 6. a4 Bd6 7. Bxc4 Nbd7 8. 0-0 0-0 9. e4 e5 10. Bg5 c6 11. Rc1 b5 12. Bb3 Bb7 13. d5 Nc5 14. dxc6 Bxc6 15. Nd5 Rc8 16. Nxf6+ gxf6 17. Bh6 Re8 18. Nh4 Nxe4 19. Nf5 Kh8 20. Bg7+ Kg8 21. Qh5 Qd7 22. Bxf7+ Qxf7 23. Nh6+ Kxg7 24. Qxf7+ Kxh6 25. Rxc6 Rxc6 26. Qxe8 Rc2 27. Qe6 Rc4 28. axb5 axb5 29. b3 Rd4 30. h4 Bc5 31. Kh2 Kg7 32. f3 Nc3 33. g4 Rd2+ 34. Kh3 Ne2 35. f4 Nxf4+ 36. Rxf4 exf4 37. g5 Bd4 38. Qd7+ Kg6 39. gxf6 Rd3+ 40. Kg4 h5+ 41. Kxf4 Be3+ 0-1

[Event "POL-chT3 Wielkopolskie 1314"]
[Site "Poland"]
[Date "2013.12.01"]
[Round "2.35"]
[White "Smagalski, Slawomir"]
[Black "Zgarda, Jakub"]
[Result "1-0"]
[WhiteElo "2009"]
[BlackElo "1850"]
[PlyCount "67"]
[EventDate "2013.10.27"]
[EventType "team-tourn"]
[EventRounds "11"]
[EventCountry "POL"]
[SourceTitle "EXT 2015"]
[Source "ChessBase"]
[SourceDate "2014.11.20"]
[SourceVersion "1"]
[SourceVersionDate "2014.11.20"]
[SourceQuality "1"]
[WhiteTeam "Konin Hetman"]
[BlackTeam "Kornik MUKS Wieza Kornicka"]
[WhiteTeamCountry "POL"]
[BlackTeamCountry "POL"]

1. Nf3 c5 2. c4 g6 3. g3 Bg7 4. Bg2 Nc6 5. 0-0 d6 6. Nc3 e5 7. d3 Nge7 8. Bd2 0-0 9. a3 a5 10. Rb1 Rb8 11. Qc2 Bd7 12. Nb5 Nc8 13. b4 axb4 14. axb4 b6 15. Rb3 Re8 16. Rfb1 Nd4 17. Nfxd4 exd4 18. bxc5 bxc5 19. Bf4 Be5 20. Bc1 Rb6 21. Bf3 h5 22. Bd2 h4 23. Ba5 hxg3 24. hxg3 Qg5 25. Kg2 Rb8 26. Bd2 Qf6 27. Nc7 Ba4 28. Na6 Bxb3 29. Qxb3 Kg7 30. Rh1 g5 31. Nc7 Rh8 32. Rxh8 Kxh8 33. Qxb8 Qf5 34. Bb7 1-0

[Event "POL-chT2"]
[Site "Poronin"]
[Date "2013.09.11"]
[Round "5.83"]
[White "Zgarda, Jakub"]
[Black "Praczukowski, Stanislaw"]
[Result "0-1"]
[WhiteElo "1859"]
[BlackElo "1862"]
[PlyCount "90"]
[EventDate "2013.09.06"]
[EventType "team-swiss"]
[EventRounds "9"]
[EventCountry "POL"]
[SourceTitle "EXT 2015"]
[Source "ChessBase"]
[SourceDate "2014.11.20"]
[SourceVersion "1"]
[SourceVersionDate "2014.11.20"]
[SourceQuality "1"]
[WhiteTeam "Kornik MUKS Wieza Kornicka"]
[BlackTeam "Chylice UKS Szachylice"]
[WhiteTeamCountry "POL"]
[BlackTeamCountry "POL"]

1. e4 c5 2. Nf3 d6 3. d4 cxd4 4. c3 dxc3 5. Nxc3 Nc6 6. Be3 Nf6 7. Bb5 Bd7 8. 0-0 e6 9. Qe2 Be7 10. Rfd1 Qb8 11. Bg5 a6 12. Ba4 b5 13. Bc2 h6 14. Bh4 Ra7 15. a3 0-0 16. Qd2 Ne5 17. Kh1 Rd8 18. Nxe5 dxe5 19. Qe2 Bc6 20. Rxd8+ Qxd8 21. Rd1 Rd7 22. Rxd7 Qxd7 23. Qd3 Qd4 24. Bg3 Nh5 25. f3 Nxg3+ 26. hxg3 Qf2 27. Ne2 h5 28. b4 h4 29. g4 Bg5 30. Bb3 h3 31. gxh3 Be3 32. Bc2 Qxf3+ 33. Kh2 Qf2+ 34. Kh1 Qf1+ 35. Kh2 Qf2+ 36. Kh1 Bxe4+ 37. Qxe4 Qf1+ 38. Kh2 Qxe2+ 39. Qg2 Bf4+ 40. Kh1 Qe1+ 41. Qg1 Qc3 42. Qg2 Qa1+ 43. Qg1 Qxa3 44. Qc5 Qxh3+ 45. Kg1 Be3+ 0-1

[Event "POL-chT 3rd League Wielkopolska 12/13"]
[Site "Poznan"]
[Date "2013.02.24"]
[Round "8.17"]
[White "Zgarda, Jakub"]
[Black "Kaluzny, Tomasz"]
[Result "1-0"]
[WhiteElo "1881"]
[BlackElo "1782"]
[PlyCount "89"]
[EventDate "2012.11.25"]
[EventType "team-tourn"]
[EventRounds "11"]
[EventCountry "POL"]
[SourceTitle "EXT 2014"]
[Source "ChessBase"]
[SourceDate "2013.11.20"]
[SourceVersion "1"]
[SourceVersionDate "2013.11.20"]
[SourceQuality "1"]
[WhiteTeam "Kornik MUKS Wieza Kornicka"]
[BlackTeam "Poznan Politechnika II"]
[WhiteTeamCountry "POL"]
[BlackTeamCountry "POL"]

1. e4 c5 2. Nf3 Nc6 3. d4 cxd4 4. c3 d5 5. exd5 Qxd5 6. cxd4 Bg4 7. Nbd2 e6 8. Be2 Bb4 9. 0-0 Bxd2 10. Bxd2 Bxf3 11. Bxf3 Qxd4 12. Bxc6+ bxc6 13. Qc2 Rc8 14. Rfd1 Qb6 15. Be3 Qb7 16. Qa4 Nf6 17. Qxa7 Qxa7 18. Bxa7 Nd5 19. Bc5 Kd7 20. Rac1 e5 21. g3 Ke6 22. Rd2 f5 23. Re1 Kf6 24. Rde2 e4 25. Kg2 Rb8 26. f3 exf3+ 27. Kxf3 Kf7 28. b4 Ra8 29. Rc2 Ra3+ 30. Kf2 Rha8 31. Ree2 Nc3 32. Re7+ Kg8 33. Kf1 Ne4 34. Bd4 Nf6 35. Rxc6 Rxa2 36. Rcc7 Nh5 37. b5 Rxh2 38. b6 Rh1+ 39. Kg2 Rb1 40. b7 Ra2+ 41. Kf3 Rf1+ 42. Ke3 Ra3+ 43. Kd2 Ra2+ 44. Kd3 Rd1+ 45. Kc4 1-0

[Event "POL-chT 3rd League Wielkopolska 12/13"]
[Site "Poznan"]
[Date "2013.02.03"]
[Round "6.29"]
[White "Matlewski, Adam"]
[Black "Zgarda, Jakub"]
[Result "0-1"]
[WhiteElo "1570"]
[BlackElo "1881"]
[PlyCount "104"]
[EventDate "2012.11.25"]
[EventType "team-tourn"]
[EventRounds "11"]
[EventCountry "POL"]
[SourceTitle "EXT 2014"]
[Source "ChessBase"]
[SourceDate "2013.11.20"]
[SourceVersion "1"]
[SourceVersionDate "2013.11.20"]
[SourceQuality "1"]
[WhiteTeam "Konin UKS Smecz"]
[BlackTeam "Kornik MUKS Wieza Kornicka"]
[WhiteTeamCountry "POL"]
[BlackTeamCountry "POL"]

1. Nf3 g6 2. c4 Bg7 3. Nc3 b6 4. d4 e6 5. e4 Bb7 6. Bd3 Ne7 7. Be3 0-0 8. 0-0 f5 9. Qd2 Qe8 10. Rac1 a6 11. Rfd1 d6 12. d5 e5 13. Bh6 f4 14. Bxg7 Kxg7 15. Kf1 Bc8 16. h3 h6 17. Ke2 g5 18. Rh1 Qh5 19. Rcg1 Nd7 20. Kd1 Nc5 21. b4 Nxd3 22. Qxd3 Rf6 23. Qe2 Bd7 24. Nh2 Qxe2+ 25. Kxe2 c6 26. Ng4 Rg6 27. f3 h5 28. Nf2 g4 29. hxg4 hxg4 30. fxg4 Bxg4+ 31. Nxg4 Rxg4 32. Rh3 a5 33. b5 cxd5 34. Nxd5 Nxd5 35. exd5 Rc8 36. Kd3 f3 37. Rhh1 fxg2 38. Rh2 Rcxc4 39. Rhxg2 Rcd4+ 40. Kc3 Rxg2 41. Rxg2+ Kf7 42. Rf2+ Ke7 43. Rh2 Rxd5 44. a4 e4 45. Rg2 Rd3+ 46. Kc2 d5 47. Rh2 Rf3 48. Rh6 Rf6 49. Rh7+ Kd6 50. Rb7 Ke5 51. Rc7 d4 52. Kd2 d3 0-1

[Event "POL-chT 3rd League Wielkopolska 12/13"]
[Site "Poznan"]
[Date "2013.02.03"]
[Round "7.29"]
[White "Zgarda, Jakub"]
[Black "Krygier, Ireneusz"]
[Result "1-0"]
[WhiteElo "1881"]
[BlackElo "1930"]
[PlyCount "97"]
[EventDate "2012.11.25"]
[EventType "team-tourn"]
[EventRounds "11"]
[EventCountry "POL"]
[SourceTitle "EXT 2014"]
[Source "ChessBase"]
[SourceDate "2013.11.20"]
[SourceVersion "1"]
[SourceVersionDate "2013.11.20"]
[SourceQuality "1"]
[WhiteTeam "Kornik MUKS Wieza Kornicka"]
[BlackTeam "Gniezno LKS Chrobry II"]
[WhiteTeamCountry "POL"]
[BlackTeamCountry "POL"]

1. e4 c5 2. Nf3 d6 3. d4 cxd4 4. c3 Nf6 5. Qc2 dxc3 6. Nxc3 e6 7. Bc4 Be7 8. 0-0 0-0 9. Rd1 Nbd7 10. Nb5 Nb6 11. Bf4 Nxc4 12. Qxc4 d5 13. exd5 exd5 14. Qd3 Bg4 15. Bc7 Qc8 16. Rac1 Qf5 17. Nfd4 Qxd3 18. Rxd3 a6 19. Nd6 Bxd6 20. Bxd6 Rfc8 21. Rxc8+ Rxc8 22. f3 Be6 23. g4 h6 24. h3 Rc1+ 25. Kg2 Nd7 26. Rd2 Nb6 27. b3 Nc8 28. Ba3 Rc3 29. Bb4 Rc1 30. Ne2 Rc6 31. Kg3 b5 32. Nd4 Rc1 33. f4 Na7 34. f5 Bd7 35. Ne2 Rc7 36. Rxd5 Bc6 37. Rd8+ Kh7 38. Nd4 Be4 39. Bd6 Rc3+ 40. Kh2 Rd3 41. Bc5 Rd2+ 42. Kg3 Bb1 43. Bxa7 Bxa2 44. b4 Rd3+ 45. Kg2 Rd2+ 46. Kg1 a5 47. bxa5 b4 48. Ne6 Bd5 49. Nf8+ 1-0

[Event "POL-chT 2nd League"]
[Site "Mrzezyno"]
[Date "2011.09.06"]
[Round "4"]
[White "Smagalski, Slawomir"]
[Black "Zgarda, Jakub"]
[Result "1-0"]
[WhiteElo "2035"]
[BlackElo "1869"]
[PlyCount "75"]
[EventDate "2011.09.03"]
[EventType "team-swiss"]
[EventRounds "9"]
[EventCountry "POL"]
[SourceTitle "EXT 2015"]
[Source "ChessBase"]
[SourceDate "2014.11.20"]
[SourceVersion "1"]
[SourceVersionDate "2014.11.20"]
[SourceQuality "1"]
[WhiteTeam "Konin Hetman"]
[BlackTeam "Kornik MUKS Wieza Kornicka"]
[WhiteTeamCountry "POL"]
[BlackTeamCountry "POL"]

1. Nf3 b5 2. d4 Bb7 3. e3 a6 4. Bd3 Nf6 5. b3 e6 6. 0-0 c5 7. c4 cxd4 8. Nxd4 bxc4 9. Bxc4 Nc6 10. Bb2 Be7 11. Qe2 Qb6 12. Nd2 0-0 13. Rfd1 Nb4 14. a3 Nc6 15. b4 Rfc8 16. Rac1 d5 17. Bd3 Rc7 18. Nxc6 Rxc6 19. Nb3 Rxc1 20. Rxc1 Rc8 21. Rxc8+ Bxc8 22. Bxf6 Bxf6 23. Bxh7+ Kxh7 24. Qc2+ Kh6 25. Qxc8 Be7 26. Nd4 a5 27. Qc6 Qb8 28. Nf5+ Kh7 29. Nxe7 axb4 30. Qc2+ g6 31. Nc6 b3 32. Qb2 Qb5 33. Nd4 Qa5 34. g3 e5 35. Nxb3 Qe1+ 36. Kg2 Qd1 37. h4 e4 38. Nd4 1-0

[Event "Poznan op 19th"]
[Site "Poznan"]
[Date "2010.08.07"]
[Round "8"]
[White "Chojnacki, Tomasz"]
[Black "Zgarda, Jakub"]
[Result "1-0"]
[WhiteElo "1849"]
[BlackElo "1906"]
[PlyCount "59"]
[EventDate "2010.08.01"]
[EventType "swiss"]
[EventRounds "9"]
[EventCountry "POL"]
[SourceTitle "CBM 138 Extra"]
[Source "ChessBase"]
[SourceDate "2010.10.29"]
[SourceVersion "1"]
[SourceVersionDate "2010.10.29"]
[SourceQuality "1"]

1. e4 c6 2. d4 d5 3. exd5 cxd5 4. c4 Nf6 5. Nc3 e6 6. Nf3 Bb4 7. Qc2 Nc6 8. cxd5 Nxd5 9. a3 Ba5 10. b4 Bb6 11. Nxd5 Qxd5 12. Bc4 Nxd4 13. Nxd4 Qxd4 14. Bb2 Qg4 15. Bb5+ Bd7 16. Bxd7+ Kxd7 17. 0-0 f6 18. a4 Qxb4 19. Ba3 Qf4 20. a5 Bxa5 21. Rfd1+ Ke8 22. Qc5 Qc7 23. Qb5+ Qc6 24. Qxa5 b6 25. Qh5+ g6 26. Qh6 Kf7 27. Rd6 Qa4 28. Bb2 Qb5 29. Rad1 e5 30. Rd7+ 1-0

[Event "Poznan op 19th"]
[Site "Poznan"]
[Date "2010.08.03"]
[Round "3"]
[White "Kuzma, Mateusz"]
[Black "Zgarda, Jakub"]
[Result "1-0"]
[WhiteElo "1715"]
[BlackElo "1906"]
[PlyCount "35"]
[EventDate "2010.08.01"]
[EventType "swiss"]
[EventRounds "9"]
[EventCountry "POL"]
[SourceTitle "CBM 138 Extra"]
[Source "ChessBase"]
[SourceDate "2010.10.29"]
[SourceVersion "1"]
[SourceVersionDate "2010.10.29"]
[SourceQuality "1"]

1. e4 g6 2. Nf3 d6 3. Bc4 e6 4. 0-0 Bg7 5. d4 Bd7 6. c3 Ne7 7. Ng5 d5 8. Qf3 f6 9. exd5 exd5 10. Bxd5 Nxd5 11. Qxd5 fxg5 12. Re1+ Kf8 13. Bxg5 Bf6 14. Bh6+ Bg7 15. Re3 Bxh6 16. Rf3+ Ke7 17. Qf7+ Kd6 18. Rf6+ 1-0

[Event "Poznan op 19th"]
[Site "Poznan"]
[Date "2010.08.02"]
[Round "2"]
[White "Zgarda, Jakub"]
[Black "Cyborowski, Lukasz"]
[Result "0-1"]
[WhiteElo "1906"]
[BlackElo "2529"]
[PlyCount "38"]
[EventDate "2010.08.01"]
[EventType "swiss"]
[EventRounds "9"]
[EventCountry "POL"]
[SourceTitle "CBM 138 Extra"]
[Source "ChessBase"]
[SourceDate "2010.10.29"]
[SourceVersion "1"]
[SourceVersionDate "2010.10.29"]
[SourceQuality "1"]

1. a3 e5 2. d4 exd4 3. Qxd4 Nc6 4. Qa4 d5 5. c3 Nf6 6. Bg5 h6 7. Bh4 g5 8. Bg3 Ne4 9. Be5 Nc5 10. Qxc6+ bxc6 11. Bxh8 Nb3 12. Ra2 Bf5 13. Nd2 Nxd2 14. Kxd2 f6 15. e3 Kf7 16. Be2 Bd6 17. Bxf6 Qxf6 18. f4 Qe6 19. b3 Re8 0-1

[Event "Poznan op-B 18th"]
[Site "Poznan"]
[Date "2009.07.24"]
[Round "6"]
[White "Simon, Marek"]
[Black "Zgarda, Jakub"]
[Result "1/2-1/2"]
[WhiteElo "1708"]
[BlackElo "1868"]
[PlyCount "113"]
[EventDate "2009.07.19"]
[EventType "swiss"]
[EventRounds "9"]
[EventCountry "POL"]
[SourceTitle "EXT 2011"]
[Source "ChessBase"]
[SourceDate "2010.11.26"]
[SourceVersion "1"]
[SourceVersionDate "2010.11.26"]
[SourceQuality "1"]

1. e4 d5 2. exd5 Nf6 3. d4 Nxd5 4. c4 Nf6 5. Nf3 Bg4 6. Be2 e6 7. Nc3 Bb4 8. Be3 0-0 9. 0-0 c6 10. Qc2 Nbd7 11. Rfd1 Qc7 12. a3 Bxc3 13. Qxc3 Ne4 14. Qc2 f5 15. Ng5 Nxg5 16. Bxg5 Bxe2 17. Qxe2 Rae8 18. Qd2 f4 19. f3 Rf5 20. Bh4 g5 21. Be1 h5 22. Qd3 Nf6 23. Bc3 Qf7 24. Re1 g4 25. Re5 Nd7 26. Rxf5 Qxf5 27. Qxf5 exf5 28. Re1 Rxe1+ 29. Bxe1 c5 30. dxc5 Nxc5 31. Bd2 Nd3 32. b3 Nc5 33. b4 Ne6 34. Be1 Kf7 35. Bf2 a6 36. Kf1 Ke7 37. Ke2 Kd6 38. Kd3 Nd8 39. Be1 Nc6 40. Bd2 Ne5+ 41. Kc3 gxf3 42. gxf3 Nxf3 43. Bxf4+ Kc6 44. a4 Nh4 45. Kd4 Nf3+ 46. Kc3 Nh4 47. Kd4 Ng6 48. b5+ axb5 49. axb5+ Kb6 50. Bg5 Kc7 51. Kd5 Kd7 52. c5 h4 53. h3 Kc7 54. Kd4 Kd7 55. Kd5 Kc7 56. Kd4 Kd7 57. Kd5 1/2-1/2

[Event "Poznan op-B 18th"]
[Site "Poznan"]
[Date "2009.07.22"]
[Round "5"]
[White "Zgarda, Jakub"]
[Black "Piechota, Izabela"]
[Result "0-1"]
[WhiteElo "1868"]
[BlackElo "1756"]
[PlyCount "98"]
[EventDate "2009.07.19"]
[EventType "swiss"]
[EventRounds "9"]
[EventCountry "POL"]
[SourceTitle "EXT 2011"]
[Source "ChessBase"]
[SourceDate "2010.11.26"]
[SourceVersion "1"]
[SourceVersionDate "2010.11.26"]
[SourceQuality "1"]

1. a3 d5 2. Nf3 b6 3. e3 Bb7 4. b4 e6 5. c4 c5 6. Bb2 Nf6 7. cxd5 Bxd5 8. bxc5 Bxc5 9. Bb5+ Nbd7 10. 0-0 a6 11. Bxf6 gxf6 12. Bxd7+ Qxd7 13. d4 Bd6 14. Nbd2 Rg8 15. e4 Bb7 16. Re1 b5 17. Nb3 Rd8 18. Re3 Ke7 19. Na5 Ba8 20. Kf1 Qc7 21. Qe1 Bxh2 22. Rc1 Qb8 23. Nc6+ Bxc6 24. Rxc6 Bf4 25. Rec3 a5 26. e5 fxe5 27. Rc7+ Ke8 28. Nxe5 b4 29. R3c5 b3 30. Re7+ Kf8 31. Rxf7+ Ke8 32. Re7+ Kxe7 33. Nc6+ Kf6 34. Nxb8 Rxb8 35. d5 e5 36. Rc6+ Kg7 37. Rc7+ Kf6 38. f3 b2 39. Qb1 Rgd8 40. g4 e4 41. Rc6+ Rd6 42. Rc8 Rb3 43. fxe4 Be5 44. Ke2 Ke7 45. Qh1 h6 46. Qh4+ Rf6 47. g5 Rf4 48. Qxh6 Rxe4+ 49. Kd2 Bf4+ 0-1

[Event "Poznan op-B 16th"]
[Site "Poznan"]
[Date "2007.07.26"]
[Round "6.17"]
[White "Zgarda, Jaroslaw"]
[Black "Zgarda, Jakub"]
[Result "0-1"]
[WhiteElo "1800"]
[BlackElo "1869"]
[PlyCount "58"]
[EventDate "2007.07.21"]
[EventType "swiss"]
[EventRounds "9"]
[EventCountry "POL"]
[SourceTitle "EXT 2023"]
[Source "ChessBase"]
[SourceDate "2022.10.05"]
[SourceVersion "1"]
[SourceVersionDate "2022.10.05"]
[SourceQuality "1"]

1. Nf3 g5 2. Nxg5 e5 3. Nxf7 Kxf7 4. e4 Nf6 5. Bc4+ d5 6. exd5 Qxd5 7. Na3 Qxc4 8. Qh5+ Ke6 9. Qxe5+ Kd7 10. Rf1 Qxf1+ 11. Kxf1 Bc5 12. Qe7+ Kc6 13. Qd6+ cxd6 14. d4 Bg4 15. d5+ Kd7 16. Nc4 Nc6 17. Ne5+ Kc7 18. Nd7 Raf8 19. Bf4 Ne5 20. b4 b5 21. c4 a5 22. a4 Nxd5 23. Re1 Bxf2 24. Re3 Be2+ 25. Kxe2 Nc3+ 26. Kd2 Nf3+ 27. Kc2 Nd4+ 28. Kb2 Nd1+ 29. Ka1 Nb3+ 0-1

[Event "Polanica Zdroj op-C 41st "]
[Site "Polanica Zdroj"]
[Date "2005.08.26"]
[Round "8"]
[White "Zgarda, Jakub"]
[Black "Bielinski, Kazimierz"]
[Result "1/2-1/2"]
[WhiteElo "1853"]
[BlackElo "1858"]
[PlyCount "87"]
[EventDate "2005.08.19"]
[EventType "swiss"]
[EventRounds "9"]
[EventCountry "POL"]
[SourceTitle "EXT 2007"]
[Source "ChessBase"]
[SourceDate "2006.11.23"]
[SourceVersion "1"]
[SourceVersionDate "2006.11.23"]
[SourceQuality "1"]

1. e4 c5 2. Nf3 d6 3. d4 cxd4 4. Nxd4 Nf6 5. Nc3 a6 6. Be3 e6 7. g4 e5 8. Nf5 g6 9. Bg2 gxf5 10. exf5 Nc6 11. Qe2 h5 12. h3 Ng8 13. 0-0-0 Nge7 14. f4 Bxf5 15. Bxc6+ bxc6 16. fxe5 Be6 17. exd6 Nd5 18. Nxd5 cxd5 19. Bc5 Bxd6 20. Bd4 Rg8 21. gxh5 Kd7 22. Kb1 Qg5 23. Rhg1 Qh4 24. Rxg8 Rxg8 25. a4 Ra8 26. c3 Bxh3 27. Qf3 Qe4+ 28. Qxe4 dxe4 29. Be5 Ke6 30. Bxd6 Rd8 31. Rh1 Bf5 32. Bf4 e3+ 33. Kc1 e2 34. h6 Bg4 35. Bd2 f5 36. h7 Rh8 37. c4 f4 38. Bc3 f3 39. Be1 Kf7 40. Bf2 Bf5 41. Bd4 Rxh7 42. Rxh7+ Bxh7 43. b4 Bc2 44. a5 1/2-1/2